000 00704nam a2200241Ia 4500
003 OSt
005 20221007101302.0
006 a|||||r|||| 00| 0
007 ta
008 221006b |||||||| |||| 00| 0 eng d
024 _a6,170
037 _cTextual
040 _aLCO
_cLCO
_beng
041 _2eng
_aeng
082 _aV2,31:(Z), L2
100 _aRAJYA SABHA SECRETARIAT
_9308750
245 0 _aRules of Procedure & Conduct of business in the Cabinet of State.
260 _aNew
_bDelhi R. S. Secretatiat
_c1972
300 _a167
650 _aPROCEDURE & CONDUCT OF BUSINESS
_9702811
942 _hV2,31:(Z), L2
_cTEXL
999 _c1175733
_d1175733